[Event "Skovbo GM 2014"]
[Site "?"]
[Date "2014.09.06"]
[Round "2.1"]
[White "Bekker-Jensen, Simon"]
[Black "Burmakin, Vladimir"]
[Result "1/2-1/2"]
[WhiteElo "2442"]
[BlackElo "2584"]
[PlyCount "31"]
[EventDate "2014.??.??"]
[WhiteClock "1:10:03"]
[BlackClock "1:25:01"]

1. d4 c6 2. c4 Nf6 3. Nc3 d5 4. Nf3 a6 5. c5 g6 6. h3 Bg7 7. Bf4 Nbd7 8. e3 O-O
9. Be2 Ne8 10. O-O Nc7 11. Qd2 Re8 12. b4 e5 13. Nxe5 Nxe5 14. Bxe5 Bxe5 15.
dxe5 Rxe5 16. e4 1/2-1/2

[Event "Skovbo GM 2014"]
[Site "?"]
[Date "2014.09.06"]
[Round "2.2"]
[White "Semcesen, Daniel"]
[Black "Jepson, Christian"]
[Result "1/2-1/2"]
[WhiteElo "2472"]
[BlackElo "2406"]
[PlyCount "35"]
[EventDate "2014.??.??"]
[WhiteClock "0:34:46"]
[BlackClock "0:54:00"]

1. d4 d5 2. c4 e6 3. Nf3 Nf6 4. Nc3 Be7 5. Bg5 h6 6. Bxf6 Bxf6 7. Qb3 c6 8. e3
Nd7 9. Be2 O-O 10. O-O Qb6 11. Qc2 dxc4 12. Bxc4 c5 13. Rad1 a6 14. Bd3 cxd4
15. exd4 Rd8 16. Be4 Qc7 17. Rfe1 Rb8 18. a4 1/2-1/2

[Event "Skovbo GM 2014"]
[Site "?"]
[Date "2014.09.06"]
[Round "2.3"]
[White "Ahlander, Björn"]
[Black "Danielsen, Henrik"]
[Result "1/2-1/2"]
[WhiteElo "2385"]
[BlackElo "2488"]
[PlyCount "152"]
[EventDate "2014.??.??"]
[WhiteClock "0:05:28"]
[BlackClock "0:10:29"]

1. e4 d6 2. d4 Nf6 3. Nc3 e5 4. Nf3 Nbd7 5. Bc4 Be7 6. O-O c6 7. a4 O-O 8. Qe2
exd4 9. Nxd4 Re8 10. Ba2 Bf8 11. Be3 Nxe4 12. Nxe4 Rxe4 13. Rfd1 Nf6 14. h3 d5
15. Qf3 Bd6 16. c4 c5 17. Nb5 d4 18. Bg5 Re6 19. b4 a6 20. Nxd6 Qxd6 21. bxc5
Qxc5 22. Bxf6 Rxf6 23. Qd5 Rf5 24. Qd8+ Qf8 25. Qxd4 Be6 26. Bb1 Rc5 27. Qe4 g6
28. Qxb7 Rxc4 29. Ba2 Rb4 30. Qf3 Re8 31. Bxe6 Rxe6 32. Rd7 Kg7 33. Qc3+ Rf6
34. g3 Qb8 35. Rad1 Rb3 36. Qd4 Rb2 37. Rd8 Qb3 38. Qc5 Qb4 39. Qxb4 Rxb4 40.
R8d4 Rfb6 41. a5 Rxd4 42. Rxd4 Rb5 43. Ra4 h5 44. Kg2 Kf6 45. g4 h4 46. f4 Rb2+
47. Kf3 Rh2 48. Rc4 Rxh3+ 49. Kf2 Rh2+ 50. Kf3 Ra2 51. Rc6+ Kg7 52. Rxa6 h3 53.
Rb6 h2 54. Rb1 Rxa5 55. Kg3 Ra2 56. Rh1 Kf6 57. Rxh2 Rxh2 58. Kxh2 Ke6 59. Kg3
Kd5 60. Kf3 Kd4 61. g5 Kd3 62. f5 Kd4 63. Kf4 Kd5 64. fxg6 fxg6 65. Kg4 Ke4 66.
Kg3 Kf5 67. Kf3 Kxg5 68. Kg3 Kf5 69. Kf3 g5 70. Kg3 g4 71. Kg2 Kf4 72. Kf2 g3+
73. Kg2 Kg4 74. Kg1 Kf3 75. Kf1 g2+ 76. Kg1 Kg3 1/2-1/2

[Event "Skovbo GM 2014"]
[Site "?"]
[Date "2014.09.06"]
[Round "2.4"]
[White "Smith, Axel"]
[Black "Okhotnik, Vladimir"]
[Result "1/2-1/2"]
[WhiteElo "2481"]
[BlackElo "2391"]
[PlyCount "82"]
[EventDate "2014.??.??"]
[WhiteClock "0:02:21"]
[BlackClock "0:25:52"]

1. d4 Nf6 2. c4 g6 3. Nc3 d5 4. cxd5 Nxd5 5. Bd2 Nb6 6. Nf3 Bg7 7. e4 O-O 8.
Be3 a6 9. Be2 Bg4 10. Ne5 Bxe2 11. Qxe2 N8d7 12. Rd1 e6 13. O-O Qe7 14. Nf3
Rac8 15. Rd2 Qb4 16. a3 Qc4 17. Rd3 a5 18. Nd2 Qa6 19. b4 axb4 20. axb4 Na4 21.
b5 Nxc3 22. Rxc3 Qd6 23. Rfc1 f5 24. e5 Qe7 25. Nc4 Ra8 26. f4 Qb4 27. Qf3 Qxb5
28. Na3 Qb4 29. Rxc7 Qxa3 30. Rxd7 Rfc8 31. Rxc8+ Rxc8 32. h3 Bf8 33. Bf2 Qxf3
34. gxf3 b5 35. Rb7 b4 36. Kf1 Rc1+ 37. Ke2 Rc2+ 38. Ke1 Rc3 39. Ke2 Rc2+ 40.
Ke1 Rc3 41. Ke2 Rc2+ 1/2-1/2

[Event "Skovbo GM 2014"]
[Site "?"]
[Date "2014.09.06"]
[Round "2.5"]
[White "Høi, Carsten"]
[Black "Antonsen, Mikkel Djernæs"]
[Result "0-1"]
[WhiteElo "2399"]
[BlackElo "2459"]
[PlyCount "86"]
[EventDate "2014.??.??"]
[WhiteClock "0:02:02"]
[BlackClock "0:05:18"]

1. d4 d5 2. Nf3 Nf6 3. c4 e6 4. Bg5 h6 5. Bh4 Be7 6. Nc3 O-O 7. e3 Ne4 8. Bg3
c5 9. cxd5 Nxg3 10. hxg3 cxd4 11. Qxd4 Bf6 12. Qd2 exd5 13. Rd1 Be6 14. Bd3 Nc6
15. Bb1 Re8 16. O-O Re7 17. Qc2 g6 18. Qa4 Rd7 19. Qf4 Kg7 20. Nd4 Nxd4 21.
exd4 Qb6 22. Rfe1 Qd6 23. Qd2 Bg4 24. f3 Be6 25. Ne2 Re7 26. Nf4 Rae8 27. a3
Bd7 28. Rxe7 Rxe7 29. Ba2 Bg5 30. Kf2 Bb5 31. Re1 Rxe1 32. Kxe1 Bc4 33. b3 Ba6
34. a4 Kh7 35. b4 b6 36. b5 Bb7 37. Kf2 h5 38. Qe3 Qb4 39. Qe5 Bh6 40. Nxd5
Qb2+ 41. Qe2 Qxd4+ 42. Ne3 Kg7 43. f4 h4 0-1

[Event "Skovbo GM 2014"]
[Site "?"]
[Date "2014.09.06"]
[Round "2.6"]
[White "Carstensen, Jacob"]
[Black "Sylvan, Jacob"]
[Result "1/2-1/2"]
[WhiteElo "2360"]
[BlackElo "2336"]
[PlyCount "85"]
[EventDate "2014.??.??"]
[WhiteClock "0:03:51"]
[BlackClock "0:02:27"]

1. d4 d5 2. c4 e6 3. Nf3 c6 4. g3 Nf6 5. Bg2 Be7 6. O-O O-O 7. Qc2 Nbd7 8. Nbd2
b6 9. e4 dxe4 10. Nxe4 Nxe4 11. Qxe4 Bb7 12. Rd1 Nf6 13. Qe2 Qc8 14. Bf4 Re8
15. Ng5 c5 16. Bxb7 Qxb7 17. dxc5 h6 18. Nf3 Bxc5 19. Be5 Ne4 20. Bd4 e5 21.
Bxc5 Nxc5 22. Rd5 e4 23. Nh4 a5 24. Nf5 Re6 25. Qg4 Rg6 26. Qh4 Kh7 27. Nd6 Qc7
28. Nxe4 Re8 29. Nxc5 bxc5 30. Qh5 Qb6 31. b3 Rf6 32. Rf1 g6 33. Qd1 a4 34.
bxa4 Qb4 35. Qc2 Ra8 36. h4 Rxa4 37. h5 Qxc4 38. hxg6+ Rxg6 39. Qf5 Ra7 40. Rd8
Qe6 41. Qxc5 Rxa2 42. Rfd1 Re2 43. Qd4 1/2-1/2

[Event "Skovbo GM 2014"]
[Site "?"]
[Date "2014.09.06"]
[Round "2.7"]
[White "Pedersen, Hans Dahl"]
[Black "Johansson, Alexander"]
[Result "0-1"]
[WhiteElo "2178"]
[BlackElo "2083"]
[PlyCount "90"]
[EventDate "2014.??.??"]
[WhiteClock "0:04:25"]
[BlackClock "0:53:12"]

1. c4 e5 2. g3 Nf6 3. Bg2 d5 4. cxd5 Nxd5 5. Nf3 Nc6 6. O-O Be6 7. d4 exd4 8.
Nxd4 Nxd4 9. Qxd4 Be7 10. Qxg7 Bf6 11. Qh6 Qe7 12. Nc3 O-O-O 13. Nxd5 Bxd5 14.
Bxd5 Rxd5 15. Qe3 Qxe3 16. fxe3 Rd6 17. Rb1 Re8 18. b3 Bg5 19. Rxf7 Rc6 20. Kg2
Rc2 21. Kf3 Rd8 22. h4 Rd1 23. hxg5 Rf1+ 24. Kg4 Rxf7 25. Bb2 Rxe2 26. Bd4 b6
27. b4 Rxa2 28. Bf6 a5 29. bxa5 bxa5 30. e4 a4 31. e5 Kd7 32. Rd1+ Ke6 33. Rc1
a3 34. Rc6+ Kd5 35. e6 Re7 36. Rc3 Rxe6 37. Rxc7 Rh2 38. Ra7 a2 39. Ra5+ Kc4
40. Kf5 Re1 41. Ra8 Rf2+ 42. Kg4 Rxf6 43. gxf6 a1=Q 44. Rxa1 Rxa1 45. Kg5 Kd5
0-1

[Event "Skovbo GM 2014"]
[Site "?"]
[Date "2014.09.06"]
[Round "2.8"]
[White "Percivaldi, Martin"]
[Black "Skytte, Rasmus"]
[Result "1-0"]
[WhiteElo "2327"]
[BlackElo "2430"]
[PlyCount "153"]
[EventDate "2014.??.??"]
[WhiteClock "0:15:31"]
[BlackClock "0:02:01"]

1. d4 g6 2. c4 Bg7 3. Nf3 e6 4. g3 Ne7 5. Bg2 d5 6. O-O Nbc6 7. cxd5 exd5 8.
Nc3 O-O 9. b3 a5 10. Bb2 b6 11. Re1 Ba6 12. a3 Qd7 13. e3 Rad8 14. Ne2 Na7 15.
Ne5 Qd6 16. Nd3 Rc8 17. Qd2 Rfd8 18. Red1 a4 19. bxa4 Nac6 20. Bc3 Ra8 21. Nb2
Bb7 22. Nc1 Na5 23. Bxa5 Rxa5 24. Nb3 Raa8 25. a5 c5 26. axb6 cxd4 27. Nxd4 Nf5
28. Nxf5 gxf5 29. Rab1 Qxb6 30. Nd3 Qa7 31. Nf4 Rab8 32. Qd3 d4 33. Rxb7 Rxb7
34. Bxb7 Qxb7 35. Qxf5 Qe7 36. exd4 Qxa3 37. d5 Qd6 38. Rc1 Qe5 39. Qg4 h6 40.
Nh5 Qg5 41. Qxg5 hxg5 42. Nxg7 Kxg7 43. Rd1 Rd6 44. Kg2 f5 45. Kf3 Kf6 46. Ke3
Ke7 47. Kd4 Rh6 48. Ke5 f4 49. d6+ Kd7 50. gxf4 gxf4 51. Kxf4 Rxh2 52. f3 Ra2
53. Ke5 Re2+ 54. Kf5 Re8 55. f4 Rf8+ 56. Kg4 Rg8+ 57. Kf3 Rf8 58. Rd4 Rh8 59.
Ke4 Rh5 60. Kf3 Rh8 61. Kg4 Rf8 62. Kg5 Rh8 63. f5 Rh1 64. Kg6 Rf1 65. Rd2 Rh1
66. f6 Rg1+ 67. Kf7 Rg3 68. Kf8 Rf3 69. f7 Rg3 70. Re2 Rg1 71. Re7+ Kd8 72. Re6
Kd7 73. Re7+ Kd8 74. d7 Rg2 75. Re8+ Kxd7 76. Re1 Ra2 77. Rg1 1-0

[Event "Skovbo GM 2014"]
[Site "?"]
[Date "2014.09.06"]
[Round "2.9"]
[White "Andersen, Daniel"]
[Black "Frisk, Ellinor"]
[Result "0-1"]
[WhiteElo "1962"]
[BlackElo "2302"]
[PlyCount "52"]
[EventDate "2014.??.??"]
[WhiteClock "0:56:24"]
[BlackClock "0:35:00"]

1. c4 e5 2. Nc3 Bb4 3. Nd5 Bc5 4. b4 Bd4 5. Rb1 c6 6. Nc3 Bxc3 7. dxc3 d6 8. e4
Ne7 9. Bd3 O-O 10. Ne2 f5 11. exf5 Bxf5 12. Ng3 Bxd3 13. Qxd3 Qd7 14. O-O Na6
15. Rd1 Rad8 16. Ne4 d5 17. cxd5 cxd5 18. c4 Qf5 19. cxd5 Rxd5 20. Qb3 Qxe4 21.
Bg5 Kh8 22. Bxe7 Rxd1+ 23. Rxd1 Re8 24. b5 Nc7 25. Bd6 Ne6 26. Bb4 Nf4 0-1

[Event "Skovbo GM 2014"]
[Site "?"]
[Date "2014.09.06"]
[Round "2.10"]
[White "Brinck-Claussen, Bjørn"]
[Black "Brøndal, Paul"]
[Result "1/2-1/2"]
[WhiteElo "2234"]
[BlackElo "2052"]
[PlyCount "54"]
[EventDate "2014.??.??"]
[WhiteClock "0:36:56"]
[BlackClock "0:37:48"]

1. e4 c6 2. d4 d5 3. exd5 cxd5 4. c4 Nf6 5. Nc3 Nc6 6. Nf3 Bg4 7. cxd5 Nxd5 8.
Qb3 Bxf3 9. gxf3 e6 10. Qxb7 Nxd4 11. Bb5+ Nxb5 12. Qc6+ Ke7 13. Qxb5 Nxc3 14.
Qc5+ Ke8 15. Qc6+ Ke7 16. Qxc3 Rc8 17. Qa3+ Ke8 18. Qa4+ Qd7 19. Qxd7+ Kxd7 20.
Be3 Bb4+ 21. Kf1 Bc5 22. Rd1+ Ke7 23. Bd2 Rhd8 24. Ke2 Bd4 25. Bb4+ Ke8 26. Rd2
Be5 27. b3 Bf4 1/2-1/2

[Event "Skovbo GM 2014"]
[Site "Skovbo Kulturhus"]
[Date "2014.09.06"]
[Round "2.11"]
[White "Jacobsen, Mikkel Manosri"]
[Black "Akdag, Dara Sevkan"]
[Result "0-1"]
[WhiteElo "1886"]
[BlackElo "2228"]
[PlyCount "82"]
[EventDate "2014.??.??"]
[WhiteTeam "BMS Skak"]
[BlackTeam "BMS Skak"]

1. d4 Nf6 2. Nf3 g6 3. Bg5 Bg7 4. e3 d6 5. Be2 O-O 6. O-O c5 7. c3 Nc6 8. Nbd2
b6 9. Qa4 Qc7 10. Bh4 Bd7 11. Qc2 Qb7 12. a3 Rac8 13. Qd3 Rfe8 14. Qa6 Qb8 15.
Rfd1 Nd5 16. Bf1 Na5 17. Qd3 cxd4 18. Nxd4 Nc7 19. b4 Nb7 20. Rac1 e5 21. N4b3
d5 22. e4 Nd6 23. c4 d4 24. c5 Bb5 25. Qf3 Nb7 26. cxb6 axb6 27. Rxc7 Rxc7 28.
Bxb5 Rec8 29. Qh3 Nd6 30. Bd7 Rc3 31. Bxc8 Rxh3 32. Bxh3 Nb5 33. Rc1 Nc3 34.
Kh1 Bh6 35. Bg3 Qe8 36. Re1 Qb5 37. f4 Qd3 38. fxe5 Bxd2 39. Nxd2 Qxd2 40. e6
Ne2 41. Bh4 fxe6 {TIME} 0-1

[Event "Skovbo GM 2014"]
[Site "Skovbo Kulturhus"]
[Date "2014.09.06"]
[Round "2.12"]
[White "Rosenkilde, Alexander"]
[Black "Henriksen, Kasper"]
[Result "0-1"]
[WhiteElo "2228"]
[BlackElo "1979"]
[PlyCount "96"]
[EventDate "2014.??.??"]
[WhiteTeam "Tåstrup Skakforening"]
[BlackTeam "Køge Skakklub"]

1. d4 Nf6 2. c4 e6 3. g3 c5 4. d5 exd5 5. cxd5 d6 6. Nc3 g6 7. Nf3 Bg7 8. Bg2
O-O 9. O-O Re8 10. Nd2 a6 11. a4 Nbd7 12. h3 Rb8 13. Nc4 Nb6 14. Na3 Bd7 15.
Bf4 Nc8 16. Nc4 Qc7 17. a5 Nh5 18. Bd2 b5 19. axb6 Nxb6 20. Na5 Bb5 21. Re1 Nc4
22. Nxb5 axb5 23. Nxc4 bxc4 24. Bc3 Bxc3 25. bxc3 Rb3 26. Qd2 Qb7 27. e4 Rb2
28. Qg5 Qb3 29. g4 f6 30. Qh4 Nf4 31. Qxf6 Rxf2 32. Kh1 Rf8 33. Qxd6 Rxg2 34.
Ra8 Rxa8 35. Qxf4 Raa2 36. Qe5 Rh2+ 37. Kg1 Rag2+ 38. Kf1 Rf2+ 39. Kg1 Rhg2+
40. Kh1 Qb5 41. Qe6+ Kf8 42. Qd6+ Ke8 43. Qe5+ Kd8 44. d6 Qe8 45. Qg7 Rh2+ 46.
Kg1 Rf7 47. Qh6 Qe5 48. Qe3 Rb2 0-1

[Event "Skovbo GM 2014"]
[Site "Skovbo Kulturhus"]
[Date "2014.09.06"]
[Round "2.13"]
[White "Mølvig, Julius"]
[Black "Pedersen, Henrik Dahl"]
[Result "0-1"]
[WhiteElo "1913"]
[BlackElo "2188"]
[PlyCount "68"]
[EventDate "2014.??.??"]
[WhiteTeam "BMS Skak"]
[BlackTeam "Køge Skakklub"]

1. d4 c5 2. Nf3 cxd4 3. Nxd4 g6 4. e4 Bg7 5. c3 Nf6 6. f3 O-O 7. Be3 d5 8. e5
Ne8 9. f4 f6 10. exf6 Bxf6 11. Be2 Nc6 12. O-O Nd6 13. b3 Nxd4 14. Bxd4 Bxd4+
15. Qxd4 Nf5 16. Qf2 Qc7 17. Bf3 e6 18. g3 Bd7 19. Rd1 Rf7 20. c4 dxc4 21. bxc4
Bc6 22. Nd2 e5 23. fxe5 Qxe5 24. Re1 Qc3 25. Bxc6 bxc6 26. Rac1 Qa3 27. Qf4
Qxa2 28. Ne4 Raf8 29. Ng5 Rb7 30. Ne6 Rb2 31. Nxf8 Rg2+ 32. Kf1 Rxh2 33. Qf3
Nd4 34. Ra1 Qxc4+ 0-1

[Event "Skovbo GM 2014"]
[Site "Skovbo Kulturhus"]
[Date "2014.09.06"]
[Round "2.14"]
[White "Kokholm, Daniel"]
[Black "Stojanovski, Sandi"]
[Result "0-1"]
[WhiteElo "1915"]
[BlackElo "2174"]
[PlyCount "78"]
[EventDate "2014.??.??"]
[WhiteTeam "Skakklubben K41"]
[BlackTeam "Skakklubben K41"]

1. d4 Nf6 2. c4 e6 3. Nc3 Bb4 4. a3 Bxc3+ 5. bxc3 b6 6. f3 Nc6 7. e4 Ba6 8. Bd3
Na5 9. Qe2 Nb3 10. Rb1 Nxc1 11. Rxc1 O-O 12. Nh3 d6 13. O-O e5 14. Rce1 Bc8 15.
Nf2 Nh5 16. Nd1 Nf4 17. Qe3 c5 18. d5 Qe8 19. Bc2 b5 20. g3 Ng6 21. cxb5 Qxb5
22. Qd2 f5 23. Nf2 f4 24. Rb1 Qa5 25. g4 Ba6 26. Bd3 Rfb8 27. Bxa6 Qxa6 28. Qd3
c4 29. Qc2 Qxa3 30. Ra1 Qc5 31. Kh1 Rb3 32. Rfb1 Rab8 33. Rxb3 cxb3 34. Qd2 Nh4
35. Nd3 Nxf3 36. Nxc5 Nxd2 37. Nd3 b2 38. Nxb2 Rxb2 39. Rxa7 Nf3 0-1

[Event "Skovbo GM 2014"]
[Site "Skovbo Kulturhus"]
[Date "2014.09.06"]
[Round "2.15"]
[White "Borg, Flemming"]
[Black "Sørensen, Bernhard W"]
[Result "1-0"]
[WhiteElo "1842"]
[BlackElo "1684"]
[PlyCount "65"]
[EventDate "2014.??.??"]
[WhiteTeam "Allerød Skakklub"]
[BlackTeam "Hillerød Skakklub"]

1. d3 d5 2. g3 e6 3. Bg2 Bd6 4. Nd2 Nf6 5. e4 dxe4 6. dxe4 e5 7. Ngf3 Nc6 8.
O-O Bg4 9. h3 Bh5 10. c3 O-O 11. Qc2 Re8 12. a4 a5 13. Nc4 Bc5 14. Nh4 Re6 15.
Nf5 Qe8 16. g4 Bg6 17. Rd1 h5 18. g5 Nh7 19. h4 Rd8 20. Rxd8 Qxd8 21. Be3 Bxe3
22. Ncxe3 Nxg5 23. Rd1 Nf3+ 24. Bxf3 Qc8 25. Qe2 Bxf5 26. exf5 Rf6 27. Bxh5 Ne7
28. Bg4 Qe8 29. Qb5 Qxb5 30. axb5 Rd6 31. Rxd6 cxd6 32. Nc4 Nc8 33. Nxa5 1-0

[Event "Skovbo GM 2014"]
[Site "Skovbo Kulturhus"]
[Date "2014.09.06"]
[Round "2.16"]
[White "Mølvig, Henrik"]
[Black "Stuhr, Peter Sebastian"]
[Result "1-0"]
[WhiteElo "2152"]
[BlackElo "1942"]
[PlyCount "95"]
[EventDate "2014.??.??"]
[WhiteTeam "Roskilde Skakklub"]
[BlackTeam "Køge Skakklub"]

1. d4 d6 2. c4 Nf6 3. Nc3 e5 4. Nf3 Nbd7 5. e4 exd4 6. Nxd4 Nc5 7. f3 a5 8. Be3
c6 9. Qd2 Be7 10. Be2 O-O 11. O-O Re8 12. Rfd1 Bf8 13. Bf1 Qc7 14. Kh1 b6 15.
b3 Ba6 16. a3 Ne6 17. b4 Bb7 18. b5 Rad8 19. bxc6 Bxc6 20. Nd5 Bxd5 21. cxd5
Nxd4 22. Bxd4 Nd7 23. Bb5 Re7 24. Bxd7 Rexd7 25. Rdc1 Qb8 26. Rab1 Rb7 27. Rc6
Qa7 28. Rcxb6 Rxb6 29. Bxb6 Qb7 30. Qxa5 Rb8 31. Qb5 Qc8 32. Qc6 Qa6 33. a4 Qd3
34. Rc1 g6 35. a5 Bh6 36. Qc2 Qa6 37. Qc4 Qb7 38. Rc2 Ra8 39. g3 Bg5 40. Kg2 h5
41. Qb5 Rb8 42. Rc6 Qd7 43. Qc4 h4 44. Rc7 h3+ 45. Kf2 Qe8 46. Bd4 f5 47. Bc3
Qd8 48. Qd4 1-0

[Event "Skovbo GM 2014"]
[Site "Skovbo Kulturhus"]
[Date "2014.09.06"]
[Round "2.18"]
[White "Eriksson, Christian Altenburg"]
[Black "Andersen, Troels Bækgård"]
[Result "1-0"]
[WhiteElo "2130"]
[BlackElo "1919"]
[PlyCount "181"]
[EventDate "2014.??.??"]
[WhiteTeam "Tåstrup Skakforening"]
[BlackTeam "Roskilde Skakklub"]

1. e4 e5 2. Nf3 Nc6 3. Bb5 Nf6 4. d3 d6 5. O-O Be7 6. c3 O-O 7. Re1 Bg4 8. Nbd2
a6 9. Ba4 b5 10. Bc2 d5 11. h3 Bh5 12. Qe2 d4 13. g4 Bg6 14. Nf1 Ne8 15. Bd2 f6
16. Nh4 Bf7 17. Nf5 Nd6 18. N1g3 Nxf5 19. Nxf5 Re8 20. Rf1 Bf8 21. Qe1 Ne7 22.
Ng3 Ng6 {(=)} 23. Nf5 c5 24. a4 Ne7 25. Ng3 c4 26. cxd4 cxd3 27. Bxd3 Qxd4 28.
Be2 bxa4 29. Bc3 Qd7 30. Kh2 Bb3 31. g5 Ng6 32. gxf6 gxf6 {(=)} 33. Nf5 Be6 34.
Bg4 h5 35. Bxh5 Bxf5 36. exf5 Nf4 37. Rg1+ Bg7 38. Bxe8 Qxf5 39. Rg3 Rxe8 40.
Qe3 Kh7 41. Rag1 Re7 42. Qc5 Rd7 43. Qc4 Rb7 44. Rd1 Nh5 45. Rg2 Nf4 46. Rg4
Nh5 47. Qe2 Bh6 48. Qd3 Qxd3 49. Rxd3 Nf4 50. Rd6 a3 51. bxa3 Rb3 52. Rd7+ Kh8
53. Be1 Rxh3+ 54. Kg1 Rxa3 55. Rh4 Rh3 56. Rxh3 Nxh3+ 57. Kg2 Nf4+ 58. Kf3 Ne6
59. Ra7 Nd4+ 60. Ke4 a5 61. Bc3 Nb5 62. Ra8+ Kg7 63. Bxa5 Kg6 64. Rg8+ Kf7 65.
Rb8 Nd4 66. Rb7+ Kg6 67. Bc3 Ne6 68. Rb6 Nf4 69. Bxe5 Nh5 70. Bd4 Bg5 71. Ra6
Kf7 72. Ra7+ Kg6 73. Bc3 Bh6 74. Ra6 Bg5 75. Bd4 Bc1 76. Ra1 Bg5 77. Rg1 Nf4
78. Be3 Nh3 79. Rg3 f5+ 80. Ke5 f4 81. Rxh3 fxe3 82. fxe3 Kf7 83. e4 Bf6+ 84.
Kd5 Bg5 85. e5 Ke7 86. Rh7+ Ke8 87. Ke6 Kd8 88. Rd7+ Ke8 89. Rg7 Bh6 90. Rg8+
Bf8 91. Rh8 1-0

[Event "Skovbo GM 2014"]
[Site "Skovbo Kulturhus"]
[Date "2014.09.06"]
[Round "2.19"]
[White "Madsen, Michael Ole"]
[Black "Simonsen, Per Barndorff"]
[Result "1/2-1/2"]
[WhiteElo "2077"]
[BlackElo "1869"]
[PlyCount "89"]
[EventDate "2014.??.??"]
[WhiteTeam "Allerød Skakklub"]
[BlackTeam "Ishøj Skakklub"]

1. d4 Nf6 2. c4 e6 3. Nc3 d5 4. cxd5 exd5 5. Bg5 Be7 6. e3 c6 7. Qc2 h6 8. Bh4
Ne4 9. Bxe7 Kxe7 10. Nxe4 dxe4 11. Qxe4+ Be6 12. Nf3 Re8 13. Bd3 Nd7 14. O-O
Kf8 15. Qf4 Nf6 16. e4 g5 17. Qe3 Ng4 18. Qd2 Nf6 19. h4 Nh7 20. e5 Kg7 21.
Bxh7 g4 22. Be4 gxf3 23. g3 Bc4 24. Rfc1 Be2 25. Rc3 Rxe5 26. Bxf3 Bxf3 27.
Rxf3 Re4 28. Rd1 Qd5 29. Qc3 Rae8 30. Qb3 Qd7 31. d5 Re1+ 32. Rxe1 Rxe1+ 33.
Kg2 Qxd5 34. Qxb7 Qc4 35. Rf4 Qf1+ 36. Kf3 Qe2+ 37. Kg2 Qf1+ 38. Kf3 Qh1+ 39.
Kg4 Qd5 40. h5 Re5 41. f3 Rg5+ 42. Kh3 Rxh5+ 43. Rh4 Qf5+ 44. Kg2 Qc2+ 45. Kh3
1/2-1/2

[Event "Skovbo GM 2014"]
[Site "Skovbo Kulturhus"]
[Date "2014.09.06"]
[Round "2.20"]
[White "Vovk, Oksana"]
[Black "Hein, Jacob"]
[Result "1-0"]
[WhiteElo "2070"]
[BlackElo "1450"]
[PlyCount "51"]
[EventDate "2014.??.??"]
[WhiteTeam "Næstved Skakklub"]
[BlackTeam "Espergærde Skakklub"]

1. d4 d5 2. c4 Nf6 3. cxd5 Nxd5 4. e4 Nb6 5. Nc3 c6 6. Be3 e6 7. Nf3 Be7 8. Bd3
a5 9. O-O Na6 10. Rc1 Nb4 11. Be2 Nd7 12. a3 Na6 13. e5 O-O 14. Ne4 Kh8 15. Qd3
f6 16. exf6 gxf6 17. Ng3 Rg8 18. Rfd1 Nb6 19. Nh5 f5 20. Bf4 Nd5 21. Be5+ Nf6
22. Qe3 Nc7 23. Ng5 Rf8 24. Qg3 Ncd5 25. Nxh7 Kxh7 26. Qg7# 1-0

[Event "Skovbo GM 2014"]
[Site "Skovbo Kulturhus"]
[Date "2014.09.06"]
[Round "2.21"]
[White "Knudsen, Jes Jacob West"]
[Black "Kristensen, Bjarke Hautop"]
[Result "0-1"]
[WhiteElo "1917"]
[BlackElo "1936"]
[PlyCount "80"]
[EventDate "2014.??.??"]
[WhiteTeam "Allerød Skakklub"]
[BlackTeam "Sorø Skakklub"]

1. e4 d5 2. exd5 Qxd5 3. Nc3 Qa5 4. Nf3 Nf6 5. Bc4 Bf5 6. O-O e6 7. Re1 Bd6 8.
Nb5 O-O 9. Nxd6 cxd6 10. a3 Nc6 11. d3 Bg4 12. Bf4 d5 13. b4 Qd8 14. Ba2 Nh5
15. Be3 Ne5 16. d4 Bxf3 17. gxf3 Ng6 18. Kh1 Qf6 19. Rg1 Rac8 20. Rc1 Rc3 21.
Bb3 Nh4 22. f4 Nxf4 23. Qg4 Nfg6 24. Rg3 Qf5 25. Rcg1 Qxg4 26. Rxg4 f5 27. Rg5
Nf3 28. Rxg6 hxg6 29. Rxg6 Rf6 30. Rg3 f4 31. Rxf3 fxe3 32. Rxe3 Rxe3 33. fxe3
Rf2 34. e4 dxe4 35. Bxe6+ Kf8 36. Kg1 Rxc2 37. Bf5 Re2 38. Kf1 Rxh2 39. Bxe4 b6
40. b5 Ra2 0-1

[Event "Skovbo GM 2014"]
[Site "Skovbo Kulturhus"]
[Date "2014.09.06"]
[Round "2.22"]
[White "Sørensen, Lindved"]
[Black "Skjoldager, Flemming"]
[Result "0-1"]
[WhiteElo "1728"]
[BlackElo "1876"]
[PlyCount "46"]
[EventDate "2014.??.??"]
[WhiteTeam "Faxe Skakklub"]
[BlackTeam "Holbæk Skakklub"]

1. Nf3 g6 2. b3 Bg7 3. d4 c5 4. Bb2 Nc6 5. e3 Nf6 6. Bd3 cxd4 7. Nxd4 O-O 8.
O-O d6 9. h3 Bd7 10. a3 Qa5 11. b4 Qb6 12. Nd2 Ne5 13. N2f3 Nxd3 14. cxd3 Rac8
15. Nb3 Ba4 16. Nfd2 Qb5 17. d4 Rc7 18. Qf3 Qd3 19. Qd1 Rc2 20. Nc1 Qxd2 21.
Qxd2 Rxd2 22. Bc3 Rc2 23. Be1 Bb5 0-1

[Event "Skovbo GM 2014"]
[Site "Skovbo Kulturhus"]
[Date "2014.09.06"]
[Round "2.23"]
[White "Hagerup, Per"]
[Black "Severinsen, Frank"]
[Result "0-1"]
[WhiteElo "1664"]
[BlackElo "1801"]
[PlyCount "58"]
[EventDate "2014.??.??"]
[WhiteTeam "Tølløse Skakklub"]
[BlackTeam "Skakklubben K41"]

1. e4 Nc6 2. Nf3 f5 3. e5 d6 4. Bb5 dxe5 5. Bxc6+ bxc6 6. Nxe5 Qd5 7. d4 Ba6 8.
f3 e6 9. Be3 Bd6 10. Nc3 Qa5 11. f4 Nf6 12. Bd2 Qb6 13. Qf3 Bxe5 14. fxe5 Nd5
15. Nxd5 cxd5 16. Bc3 O-O 17. a3 Rab8 18. Bb4 Rfe8 19. c3 Bc4 20. Rb1 Qb5 21.
b3 Bd3 22. Rb2 Rb7 23. a4 Qa6 24. Kd2 Be4 25. Qe3 Qc6 26. Rg1 Reb8 27. g4 a5
28. gxf5 axb4 29. f6 bxc3+ 0-1

[Event "Skovbo GM 2014"]
[Site "Skovbo Kulturhus"]
[Date "2014.09.06"]
[Round "2.24"]
[White "Pawlak, Wojciech Zbigniew"]
[Black "Jørgensen, Orla Eilegaard"]
[Result "1-0"]
[WhiteElo "1705"]
[BlackElo "1568"]
[PlyCount "69"]
[EventDate "2014.??.??"]
[WhiteTeam "Køge Skakklub"]
[BlackTeam "Allerød Skakklub"]

1. c4 Nf6 2. g3 c6 3. Bg2 g6 4. Nc3 Bg7 5. e4 d6 6. Nge2 Nbd7 7. O-O Nb6 8. d3
Bg4 9. h3 Bd7 10. Be3 Qc8 11. Kh2 O-O 12. Qd2 Qc7 13. b4 Be6 14. Rac1 Nbd7 15.
f4 Nb6 16. a4 Bc8 17. a5 Nbd7 18. Rc2 a6 19. Na4 c5 20. bxc5 dxc5 21. e5 Ne8
22. Rb1 Rb8 23. Nb6 e6 24. Rcb2 Nxe5 25. fxe5 Bxe5 26. Bf4 Bxf4 27. Qxf4 Qxf4
28. Nxf4 Nd6 29. Nxc8 Rfxc8 30. Rb6 Rd8 31. Bxb7 g5 32. Nh5 Nxb7 33. Rxb7 Rxb7
34. Rxb7 Rxd3 35. Rb8+ 1-0

[Event "Skovbo GM 2014"]
[Site "Skovbo Kulturhus"]
[Date "2014.09.06"]
[Round "2.25"]
[White "Petersen, Henry"]
[Black "Schmidt, Horst Hubert"]
[Result "0-1"]
[WhiteElo "1455"]
[BlackElo "1754"]
[PlyCount "62"]
[EventDate "2014.??.??"]
[WhiteTeam "Køge Skakklub"]
[BlackTeam "Brønshøj Skakforening"]

1. e4 e6 2. d4 d5 3. e5 c5 4. c3 Nc6 5. Be3 Qb6 6. Qd2 f6 7. Nf3 Bd7 8. Be2 Rc8
9. O-O cxd4 10. cxd4 Nge7 11. Bd3 Nb4 12. Nc3 Nxd3 13. Qxd3 Nc6 14. a3 Na5 15.
Nd2 Qxb2 16. Ne2 Bb5 17. Qb1 Qxb1 18. Raxb1 Bxe2 19. Rfc1 Rxc1+ 20. Rxc1 Kd7
21. a4 Bb4 22. f3 Bxd2 23. Bxd2 Nc4 24. Bb4 fxe5 25. dxe5 Nxe5 26. Re1 Nc6 27.
Bc3 d4 28. Rxe2 dxc3 29. Rc2 Nd4 30. Rf2 c2 31. Rf1 c1=Q 0-1